The Soviet superpower (Record no. 58017)

MARC details
000 -LEADER
fixed length control field 00803nam a2200217 a 4500
008 - FIXED-LENGTH DATA ELEMENTS--GENERAL INFORMATION
fixed length control field 120416s1982 ||||||||||||||||| || u
020 ## - INTERNATIONAL STANDARD BOOK NUMBER
International Standard Book Number 043531601X
050 ## - LIBRARY OF CONGRESS CALL NUMBER
Classification number DK 274 Moo
100 ## - MAIN ENTRY--PERSONAL NAME
Personal name Mooney, Peter J
245 14 - TITLE STATEMENT
Title The Soviet superpower
246 ## - VARYING FORM OF TITLE
Title proper/short title the Soviet union 1945-80
260 ## - PUBLICATION, DISTRIBUTION, ETC.
Place of publication, distribution, etc. London ;
Name of publisher, distributor, etc. Heinemann Educational
Date of publication, distribution, etc. 1982.
300 ## - PHYSICAL DESCRIPTION
Extent vii, 210p. : ill.
350 ## - PRICE (NR) (BK AM CF MU VM SE) [OBSOLETE]
Price 0.00
490 ## - SERIES STATEMENT
Series statement Studies in modern history
490 ## - SERIES STATEMENT
Volume/sequential designation Studies in modern history (Heinemann Educational Books)
500 ## - GENERAL NOTE
General note Bibliography.
650 ## - SUBJECT ADDED ENTRY--TOPICAL TERM
Topical term or geographic name entry element Soviet Union - Foreign relations - 1945-1991
650 ## - SUBJECT ADDED ENTRY--TOPICAL TERM
Topical term or geographic name entry element Soviet Union - History
995 ## - RECOMMENDATION 995 [LOCAL, UNIMARC FRANCE]
-- 0.00
-- CBU-MAIN LIBRARY (Kitwe)
-- 1
-- 10.50
-- 1
-- AVAILABLE
-- Jun 21, 2006
-- Main Library Open Access Collection
Holdings
Withdrawn status Lost status Source of classification or shelving scheme Damaged status Not for loan Home library Current library Shelving location Date acquired Total Checkouts Full call number Barcode Date last seen Price effective from Koha item type
          CBU-MAIN LIBRARY, KITWE. CBU-MAIN LIBRARY, KITWE.   11/30/2022   DK 274 Moo 000852 11/30/2022 11/30/2022 MONOGRAPH